000 00307nam a22001337a 4500
008 181019b xxu||||| |||| 00| 0 eng d
020 _a0060414979
041 _aeng
080 _a616
100 _a9
101 _aPAT
245 _aDiagnosis Methods In Speech Pathology
_cDarley.F.L
942 _2udc
_cBK
999 _c50287
_d50287